Tilastot visalle Vesialueita satelliittikuvien mukaan #1

Klikkaa tästä pelataksesi tätä visaa!

Yleistilastot

  • Tätä visaa on pelattu 227 kertaa
  • Keskiarvotulos 9 / 16

Vastaustilastot

Vastaus% Oikein
Itämeri
95%
Karibianmeri
82%
Kaspianmeri
82%
Englannin kanaali
80%
Adrianmeri
74%
Persianlahti
64%
Kalifornianlahti
62%
{Arabian}meri
61%
Etelä-Kiinan meri
58%
Hudsoninlahti
57%
Eriejärvi
40%
{Maracaibo}järvi
33%
{Magalhãesin}salmi
25%
Chesapeakenlahti
20%
{Winnipeg}järvi
20%
Pugetinlahti
18%

Tulosjakauma

Persentiili vastausten määrän mukaan

Jokaisen tuloksen saaneiden osuus

Tuloshistoriasi

Et ole pelannut tätä visaa